| 000 | 00390nam a22001337a 4500 | ||
|---|---|---|---|
| 082 |
_a385 _bEUR _cL-18 P-50 |
||
| 110 |
_aGeneral report on activity _938355 |
||
| 245 |
_aTransport and the activity of the conference _cGeneral report on activity |
||
| 260 |
_aFrance _bECMT _c1977 |
||
| 300 | _a210 p, : | ||
| 526 |
_a0 _b0 _c0 _d385_000000000000000_EUR |
||
| 650 |
_aMCE _9379 |
||
| 942 |
_2ddc _cBK |
||
| 999 |
_c542965 _d542965 |
||